Espaces methode de francais 3

Uloženo v:
Podrobná bibliografie
Hlavní autor: Capelle,Guy
Médium: Kniha
Jazyk:French
Vydáno: Vanves Hachette 1996
Témata:
Tagy: Přidat tag
Žádné tagy, Buďte první, kdo otaguje tento záznam!
Thư viện lưu trữ: Trung tâm Học liệu Lê Vũ Hùng, Trường Đại học Đồng Tháp
LEADER 00709pam a22002418a 4500
001 00032174
005 20171026081025.0
008 140519s1996 ||||||fresd
041 0 # |a fre 
082 1 4 |a 445  |b E200S 
100 0 # |a Capelle,Guy 
245 0 0 |a Espaces methode de francais 3  |c Marcella Beacco di Giura 
260 # # |a  Vanves  |b Hachette  |c 1996 
300 # # |a 63 p.  |b ill  |c 20 cm. 
653 # # |a Tự học 
653 # # |a tiếng pháp 
653 # # |a ngôn ngữ 
852 # # |b Kho giáo trình  |j KGT.0047536 
852 # # |b Kho mượn  |j KGT.0047536 
852 # # |j KGT.0047536 
910 # # |d 19\5\2014 
980 # # |a Trung tâm Học liệu Lê Vũ Hùng, Trường Đại học Đồng Tháp